000 00874nam a2200253Ia 4500
003 OSt
005 20220923211523.0
006 a|||||r|||| 00| 0
007 ta
008 Pun
020 _a9789380906881 (hbk)
_c250
024 _a282,854
037 _b853, 12/08/2014, H.K. Prakashan
_cTextual
040 _aARTS
_cARTS
_bPun
041 _2Pun
_aPun
082 _aP153,3, Q3
100 _aਜਸਵੀਰ ਕੌਰ
245 0 _aਮੱਧਕਾਲੀ ਪੰਜਾਬੀ Fਬਦਾਵਲੀ ਤੇ Fਬਦ ਰੂਪਾਂ ਦੇ ਸਰੋਤ ਰੂਪ ਬਣਤਰ ਤੇ ਪ੍ਰਕਾਰਜ
260 _aਪਟਿਆਲਾ
_b ਗ਼ੇFਿਅਸ
_c2013
300 _a193ਪੰ
_ccm.
650 _aਪੰਜਾਬੀ ਭਾFਾ
942 _hP153,3, Q3
_cTEXL
_2CC
999 _c300352
_d300352